As Ilhas Desertas (Registo nº 627)

Detalhes MARC
000 -Etiqueta do registo
Cabeçalho 00745cam a2200289 4500
005 - Identificador da versão
Campo de controlo 20240813121808.0
010 ## - Número internacional normalizado dos livros (ISBN)
Número (ISBN) 9728545010
021 ## - Número do Depósito Legal
Código do país PT
Número 137797/99
035 ## - Other System Control Numbers
System Control Number 0000655
System Control Number 0000651
System Control Number 0000651
System Control Number 0000639
100 ## - Dados gerais de processamento
Dados gerais de processamento 20000829d1999 ma y0pory5003 ba
102 ## - Pais de publicação ou produção
País de publicação Portugal
101 0# - Língua de publicação
Língua do texto, banda sonora, etc. Português
Língua do sumário Inglês
106 ## - Campo de dados codificados: material textual
Dados codificados do material textual r
105 ## - Campo de dados codificados: livros
Dados codificados dos livros a z 000yy
215 ## - Descrição física 
Indicação específica da natureza do documento e extensão da espécie [4], XLII p.
Outras indicações físicas il.
Dimensões 21 cm
200 1# - Titulo e menção de responsabilidade
Título próprio As Ilhas Desertas
Primeira menção de responsabilidade João Adriano Ribeiro
225 2# - Colecção 
Título próprio da colecção Lugares pitorescos
Indicação de volume 4
210 ## - Publicação, Distribuição, etc. 
Lugar da edição, distribuição, etc. [Funchal]
Nome do editor, distribuidor, etc. Calcamar
Data da publicação, distribuição, etc. cop. 1999
675 ## - Classificação Decimal Universal (CDU)
Notação 908(469.8)
Edição BN
Língua da edição por
Edição BN
Língua da edição por
607 ## - Nome geográfico usado como assunto
Número de registo de entrada de autoridade 0000780
Palavra de ordem Ilhas desertas (Portugal)
700 #1 - Nome de autor-pessoa física (responsabilidade principal)
Número de registo de entrada de autoridade 0000779
Palavra de ordem Ribeiro
Outra parte do nome não tomada para palavra de ordem João Adriano
942 ## - Elementos de entrada adicionados (Koha)
Tipo de item no Koha Livro
Exemplares
Situação do levantamento Origin of item (home branch) (coded) Biblioteca de empréstimo Código de barras Circulation type (not for loan) Tipo de documento Nota do exemplar Damaged status
  Biblioteca Escolar Eng. Nuno Mergulhão Biblioteca Escolar Eng. Nuno Mergulhão BENM371   Livro Sem mensagem